[Event "Kort Paaske 1, gruppe 2"]
[Site "Skorping"]
[Date "2017.04.08"]
[Round "1"]
[White "Pedersen, Jens Erik"]
[Black "Ehrenreich, Simon"]
[Result "1/2-1/2"]
[WhiteElo "1638"]
[BlackElo "1654"]
[PlyCount "75"]
[EventDate "2017.04.08"]

1. e4 c6 2. Nc3 d5 3. exd5 cxd5 4. d4 Nc6 5. Be3 Bf5 6. a3 Nf6 7. Bd3 Bg6 8.
Nge2 e6 9. O-O Bd6 10. Ng3 Bxd3 11. Qxd3 Ng4 12. Rae1 Bxg3 13. fxg3 Nxe3 14.
Qxe3 O-O 15. Ne2 Qb6 16. b4 Rac8 17. c3 Ne7 18. Kh1 Ng6 19. Rf3 Qa6 20. Qc1 Rc7
21. Re3 Qd6 22. Rd1 Rfc8 23. Qd2 Qc6 24. Qb2 Qa4 25. Ra1 a6 26. h3 b6 27. Rf1
Qb5 28. Re1 Qc6 29. Ra1 b5 30. Rb1 Ne7 31. g4 Ng6 32. Kh2 Qd6+ 33. g3 Nf8 34.
Re1 Re7 35. Nf4 Ng6 36. Ne2 Nf8 37. Nf4 Ng6 38. Ne2 1/2-1/2

[Event "Kort Paaske 1, gruppe 2"]
[Site "Skorping"]
[Date "2017.04.08"]
[Round "1"]
[White "Iversen, Flemming Pagh"]
[Black "Olesen, Poul Guldbaek"]
[Result "1-0"]
[WhiteElo "1691"]
[BlackElo "1509"]
[PlyCount "55"]
[EventDate "2017.04.08"]

1. e4 c5 2. Nf3 d6 3. d4 cxd4 4. Nxd4 g6 5. c4 Bg7 6. Be3 Nf6 7. f3 O-O 8. Nc3
a6 9. Qd2 Bd7 10. Be2 Nc6 11. O-O Rc8 12. b3 e6 13. Rab1 Qe7 14. Rfd1 Rfd8 15.
Nc2 Be8 16. Bb6 Rd7 17. Be3 Nh5 18. g4 Bxc3 19. Qxc3 Qf6 20. Qd2 d5 21. Bg5 Qe5
22. exd5 Ng7 23. Qe3 exd5 24. cxd5 Qxe3+ 25. Nxe3 Nd8 26. Nc4 Rc5 27. Nb6 Rdc7
28. Bxd8 1-0

[Event "Kort Paaske 1, gruppe 2"]
[Site "Skorping"]
[Date "2017.04.08"]
[Round "1"]
[White "Nielsen, Jorgen Holmstrom"]
[Black "Holm, Filip Martin Kierulf Hou"]
[Result "0-1"]
[WhiteElo "1734"]
[BlackElo "1675"]
[PlyCount "90"]
[EventDate "2017.04.08"]

1. Nc3 e5 2. Nf3 Nc6 3. d4 exd4 4. Nxd4 Nxd4 5. Qxd4 Qf6 6. Be3 c6 7. O-O-O d5
8. h4 Bd7 9. g3 Qxd4 10. Bxd4 Nh6 11. f3 Nf5 12. Bf2 Bd6 13. Rg1 Bc7 14. e4
dxe4 15. Nxe4 O-O-O 16. Bxa7 Be6 17. Be2 Rxd1+ 18. Kxd1 b6 19. Ba6+ Kd7 20. Bb7
Bd5 21. Kc1 Bd8 22. Rd1 Kc7 23. Ba6 Bxe4 24. fxe4 Nxg3 25. a4 Bxh4 26. a5 bxa5
27. Bc4 Bg5+ 28. Kb1 Nxe4 29. Bxf7 Nd2+ 30. Ka2 Rf8 31. Bh5 Rf1 32. Rxf1 Nxf1
33. Kb3 Be3 34. Bxe3 Nxe3 35. c4 Kb6 36. Kc3 Kc5 37. b3 g6 38. Bf3 h5 39. Kd3
Ng4 40. Ke4 Kb4 41. Kf4 c5 42. Bd1 Nf6 43. Kg5 Ne4+ 44. Kxg6 Nd2 45. Kxh5 Nxb3
0-1

[Event "Kort Paaske 1, gruppe 2"]
[Site "Skorping"]
[Date "2017.04.08"]
[Round "1"]
[White "Mikkelsen, Hans Jorgen"]
[Black "Christensen, John Christopher H"]
[Result "1/2-1/2"]
[WhiteElo "1552"]
[BlackElo "1408"]
[PlyCount "111"]
[EventDate "2017.04.08"]

1. e4 c6 2. d4 d5 3. e5 Bf5 4. f4 h5 5. Nf3 e6 6. Bd3 Bxd3 7. Qxd3 c5 8. Be3 c4
9. Qe2 Be7 10. c3 Nc6 11. Nbd2 Qb6 12. Rb1 Nh6 13. h3 Nf5 14. Bf2 a5 15. O-O a4
16. a3 Na5 17. Qd1 Nc6 18. Kh2 Nb8 19. Rg1 Nd7 20. Qe1 Nf8 21. Nh4 Bxh4 22.
Bxh4 Ng6 23. Bg5 Kd7 24. Nf3 Raf8 25. Nh4 Nfxh4 26. Bxh4 Nxf4 27. Qd1 Qc6 28.
Rf1 Ng6 29. Bf2 b5 30. Be3 Qc7 31. Kh1 Ne7 32. Qd2 Nf5 33. Bf4 g5 34. Bh2 g4
35. Qf4 Rfg8 36. Rbe1 Ke8 37. Re2 gxh3 38. gxh3 h4 39. Rg2 Rxg2 40. Kxg2 Rg8+
41. Kh1 Qe7 42. Rg1 Rxg1+ 43. Kxg1 Qf8 44. Kf2 Qg7 45. Kf3 Kf8 46. Qg4 Qxg4+
47. hxg4 Nh6 48. Bf4 Kg7 49. Bg5 Kg6 50. Bxh4 Kh7 51. Kf4 Kg6 52. Kf3 Kh7 53.
Kf4 Kg6 54. Bf2 Ng8 55. Bh4 Nh6 56. Bf2 1/2-1/2

[Event "Kort Paaske 1, gruppe 2"]
[Site "Skorping"]
[Date "2017.04.09"]
[Round "2"]
[White "Ehlers, Kjeld"]
[Black "Iversen, Flemming Pagh"]
[Result "1/2-1/2"]
[WhiteElo "1581"]
[BlackElo "1691"]
[PlyCount "136"]
[EventDate "2017.04.08"]

1. d4 Nf6 2. c4 g6 3. Nc3 Bg7 4. Nf3 O-O 5. e4 d6 6. Be2 e5 7. O-O Nc6 8. dxe5
dxe5 9. Bg5 h6 10. Qxd8 Rxd8 11. Bxf6 Bxf6 12. Nd5 Bg7 13. Nxc7 Rb8 14. Rfd1
Bg4 15. Nd5 Bxf3 16. Bxf3 Nd4 17. Rd3 Bf8 18. Rad1 b5 19. cxb5 Rxb5 20. b3 Ra5
21. R3d2 Rc5 22. h3 Rdc8 23. Ne3 h5 24. Nc4 Bg7 25. Kf1 R8c7 26. Ne3 Rc8 27.
Be2 Bh6 28. Bc4 R8c7 29. Rd3 Rc8 30. Nd5 Kf8 31. Nc3 Re8 32. Ne2 Bg7 33. f3 Ra5
34. Nxd4 exd4 35. a4 Rc5 36. g3 Rc7 37. Re1 Rce7 38. Bd5 Rc8 39. f4 Rc5 40. Bc4
Rc8 41. e5 Rd8 42. Re4 Red7 43. Kf2 Ke7 44. Kf3 Kf8 45. g4 hxg4+ 46. hxg4 f5
47. exf6 Bxf6 48. g5 Bg7 49. Re6 Rd6 50. Re4 R6d7 51. Kg4 Rd6 52. f5 gxf5+ 53.
Kxf5 Re8 54. Be6 Rc6 55. Bc4 Rc5+ 56. Kf4 Rxe4+ 57. Kxe4 Rxg5 58. Rf3+ Ke8 59.
b4 Re5+ 60. Kd3 Re7 61. b5 Re3+ 62. Rxe3+ dxe3 63. Kxe3 Bc3 64. Ke4 Kd7 65. Kd3
Ba5 66. Bd5 Kc7 67. Kc4 Kb6 68. Bc6 Be1 1/2-1/2

[Event "Kort Paaske 1, gruppe 2"]
[Site "Skorping"]
[Date "2017.04.09"]
[Round "2"]
[White "Holm, Filip Martin Kierulf Hou"]
[Black "Mikkelsen, Hans Jorgen"]
[Result "1-0"]
[WhiteElo "1675"]
[BlackElo "1552"]
[PlyCount "161"]
[EventDate "2017.04.08"]

1. e4 c5 2. c3 g6 3. d4 cxd4 4. cxd4 Bg7 5. Bc4 e6 6. Nc3 a6 7. a4 Ne7 8. Be3
d5 9. exd5 exd5 10. Bb3 O-O 11. Nge2 Be6 12. Nf4 Nbc6 13. O-O Qd7 14. Qd2 Rad8
15. a5 Qc7 16. Nce2 Qd6 17. Nd3 Nf5 18. Ndf4 Nxe3 19. fxe3 Ne7 20. Nd3 Rc8 21.
Nc5 Rc7 22. Nf4 Bd7 23. Ba4 Bc8 24. Ra3 b6 25. axb6 Qxb6 26. Rb3 Qd6 27. Qa5
Nf5 28. Rb6 Qd8 29. Qd2 Re7 30. Rb3 Bh6 31. Qf2 Bxf4 32. exf4 Nd6 33. Bc6 Ne4
34. Qc2 Nxc5 35. Qxc5 Be6 36. Ra1 Rc7 37. Rb7 Rxb7 38. Bxb7 Qb8 39. Bxa6 Qxb2
40. Rd1 Qb3 41. Qc1 Qb6 42. Be2 Rc8 43. Qe3 h5 44. h3 Qb4 45. Rd3 Qe1+ 46. Kh2
Rc1 47. Qf3 Qg1+ 48. Kg3 Qe1+ 49. Qf2 Qb4 50. Rd1 Rc2 51. Qe3 Rc3 52. Rd3 Rxd3
53. Bxd3 Qd6 54. Kf3 Kg7 55. Qe5+ Qxe5 56. dxe5 Kf8 57. Ke3 Ke7 58. Kd4 Kd7 59.
Bb5+ Kc7 60. Kc5 Kd8 61. Bc6 h4 62. Bxd5 Ke7 63. Bf3 f6 64. Kd4 f5 65. Ke3 Bd7
66. Bd5 Ba4 67. Kf2 Bc2 68. g3 hxg3+ 69. Kxg3 Bd1 70. Kh4 Kf8 71. Kg5 Kg7 72.
h4 Ba4 73. h5 Be8 74. hxg6 Bxg6 75. Be6 Be8 76. Kxf5 Ba4 77. Kg5 Be8 78. Bd5
Bd7 79. e6 Ba4 80. e7 Bd7 81. f5 1-0

[Event "Kort Paaske 1, gruppe 2"]
[Site "Skorping"]
[Date "2017.04.09"]
[Round "2"]
[White "Ehrenreich, Simon"]
[Black "Hjorth, Erik"]
[Result "1-0"]
[WhiteElo "1654"]
[BlackElo "1591"]
[PlyCount "99"]
[EventDate "2017.04.08"]

1. d4 d5 2. c4 c6 3. Nc3 Bf5 4. Nf3 e6 5. Bf4 Bd6 6. Bxd6 Qxd6 7. e3 h6 8. Qb3
Qc7 9. Be2 Nd7 10. O-O Ngf6 11. Rac1 Rb8 12. cxd5 exd5 13. Nb5 Qb6 14. Nd6+ Kf8
15. Qxb6 axb6 16. Nxf5 g6 17. Ng3 Kg7 18. Bd3 Ra8 19. a3 Rhe8 20. Nd2 Ra4 21.
Nb3 Raa8 22. Rfe1 Re7 23. Re2 Rae8 24. Rce1 Kf8 25. e4 dxe4 26. Nxe4 Nd5 27.
Ng3 Rxe2 28. Rxe2 Rb8 29. Bc4 N5f6 30. Ne4 b5 31. Nxf6 Nxf6 32. Bd3 b6 33. g3
Rd8 34. Be4 Rd6 35. Bf3 Nd5 36. Rc2 Ke7 37. Bxd5 cxd5 38. Kf1 Kd7 39. Ke2 Re6+
40. Kd3 f6 41. Re2 Rc6 42. Nd2 Rc1 43. Nf3 g5 44. Rc2 Rxc2 45. Kxc2 Kc6 46. b4
Kd6 47. Nd2 Kc6 48. Nb1 h5 49. Nc3 f5 50. Kd3 1-0

[Event "Kort Paaske 1, gruppe 2"]
[Site "Skorping"]
[Date "2017.04.09"]
[Round "2"]
[White "Olesen, Poul Guldbaek"]
[Black "Nielsen, Jorgen Holmstrom"]
[Result "0-1"]
[WhiteElo "1509"]
[BlackElo "1734"]
[PlyCount "44"]
[EventDate "2017.04.08"]

1. d4 Nf6 2. c4 e5 3. dxe5 Ng4 4. Nf3 Nc6 5. Nc3 Bb4 6. h3 Ngxe5 7. Nxe5 Nxe5
8. Qd4 Qf6 9. e3 c5 10. Qe4 Bxc3+ 11. bxc3 O-O 12. Ba3 d6 13. Qc2 Be6 14. Qb3
b5 15. Rc1 Bxc4 16. Bxc4 bxc4 17. Qc2 Nd3+ 18. Kd1 Nxf2+ 19. Ke2 Nxh1 20. Rxh1
Qg6 21. Kd1 Rad8 22. Qe2 Qd3+ 0-1

[Event "Kort Paaske 1, gruppe 2"]
[Site "Skorping"]
[Date "2017.04.09"]
[Round "3"]
[White "Christensen, John Christopher H"]
[Black "Ehlers, Kjeld"]
[Result "1-0"]
[WhiteElo "1408"]
[BlackElo "1581"]
[PlyCount "43"]
[EventDate "2017.04.08"]

1. d4 Nf6 2. c4 e6 3. Nc3 d5 4. cxd5 exd5 5. Bg5 Be7 6. Nf3 O-O 7. Qb3 c6 8. e3
Qc7 9. Rc1 a6 10. Bxf6 Bxf6 11. Nxd5 Qa5+ 12. Nc3 Nd7 13. Be2 b5 14. O-O Bb7
15. Rfd1 Rac8 16. Ne4 Be7 17. Bd3 Nf6 18. Nfg5 h6 19. Nxf6+ Bxf6 20. Ne4 Be7
21. Ng3 g6 22. Bxg6 1-0

[Event "Kort Paaske 1, gruppe 2"]
[Site "Skorping"]
[Date "2017.04.09"]
[Round "3"]
[White "Iversen, Flemming Pagh"]
[Black "Holm, Filip Martin Kierulf Hou"]
[Result "1/2-1/2"]
[WhiteElo "1691"]
[BlackElo "1675"]
[PlyCount "87"]
[EventDate "2017.04.08"]

1. e4 e5 2. Nf3 d6 3. d4 exd4 4. Nxd4 Be7 5. Bc4 Bf6 6. O-O Ne7 7. Nc3 Nbc6 8.
Be3 Ne5 9. Be2 N7c6 10. f4 Nxd4 11. Bxd4 Nc6 12. Bb5 Bd7 13. Bxc6 Bxc6 14. e5
dxe5 15. fxe5 Bg5 16. Qd3 O-O 17. Rad1 Qe7 18. Ne4 b6 19. Rf5 Bh6 20. Rh5 Bxe4
21. Qxe4 c5 22. Bc3 Rad8 23. Re1 Qe6 24. a3 Rde8 25. Bd2 f5 26. Qe2 Bxd2 27.
Qxd2 g6 28. Rh3 f4 29. Rd3 Qf5 30. Rd7 Rxe5 31. Rxa7 Rfe8 32. Rxe5 Qxe5 33. h3
Qe1+ 34. Qxe1 Rxe1+ 35. Kf2 Rc1 36. Kf3 Rxc2 37. b4 cxb4 38. axb4 Rc4 39. b5
Rb4 40. Rb7 Rxb5 41. Kxf4 Rf5+ 42. Ke4 Rf2 43. Rxb6 Rxg2 44. Kf3 1/2-1/2

[Event "Kort Paaske 1, gruppe 2"]
[Site "Skorping"]
[Date "2017.04.09"]
[Round "3"]
[White "Pedersen, Jens Erik"]
[Black "Nielsen, Jorgen Holmstrom"]
[Result "1/2-1/2"]
[WhiteElo "1638"]
[BlackElo "1734"]
[PlyCount "107"]
[EventDate "2017.04.08"]

1. e4 Nf6 2. Nc3 d5 3. exd5 Nxd5 4. Nxd5 Qxd5 5. Nf3 Bg4 6. Be2 Bxf3 7. Bxf3
Qe5+ 8. Qe2 Qxe2+ 9. Kxe2 c6 10. Re1 e6 11. d3 Nd7 12. Kf1 Bd6 13. g3 h5 14. h4
O-O-O 15. Bd2 Rde8 16. a4 e5 17. b4 f5 18. c4 f4 19. Bc3 fxg3 20. c5 gxf2 21.
Kxf2 Be7 22. Rh1 Bd8 23. Rae1 Rhf8 24. Kg2 g6 25. Bd2 Bf6 26. Be4 Bd8 27. Ref1
Rxf1 28. Kxf1 Rg8 29. Ke2 Nf6 30. Bf3 Nd5 31. Be4 Nf4+ 32. Kf3 Ne6 33. Bc3 Nd4+
34. Bxd4 exd4 35. Rg1 g5 36. hxg5 Rxg5 37. Rxg5 Bxg5 38. Bf5+ Kc7 39. Ke4 Bd2
40. b5 cxb5 41. axb5 Bc3 42. Kd5 a5 43. bxa6 bxa6 44. Kc4 Kc6 45. Be4+ Kc7 46.
Bf5 a5 47. Kb5 a4 48. Kxa4 Kc6 49. Kb3 Kxc5 50. Kc2 Kd5 51. Kd1 Ke5 52. Be4 Kf4
53. Ke2 h4 54. Kf2 1/2-1/2

[Event "Kort Paaske 1, gruppe 2"]
[Site "Skorping"]
[Date "2017.04.09"]
[Round "3"]
[White "Mikkelsen, Hans Jorgen"]
[Black "Hjorth, Erik"]
[Result "1/2-1/2"]
[WhiteElo "1552"]
[BlackElo "1591"]
[PlyCount "38"]
[EventDate "2017.04.08"]

1. e4 c5 2. Nf3 Nc6 3. d4 cxd4 4. Nxd4 Nf6 5. Nc3 a6 6. a4 e6 7. Be2 Be7 8. O-O
O-O 9. Nxc6 bxc6 10. f3 Qc7 11. Kh1 Bd6 12. f4 Be7 13. e5 Nd5 14. Nxd5 cxd5 15.
Bd3 f5 16. b3 Bb7 17. Bb2 Qc8 18. Qe2 Qe8 19. Ba3 Bxa3 1/2-1/2

[Event "Kort Paaske 1, gruppe 2"]
[Site "Skorping"]
[Date "2017.04.10"]
[Round "4"]
[White "Ehlers, Kjeld"]
[Black "Pedersen, Jens Erik"]
[Result "1-0"]
[WhiteElo "1581"]
[BlackElo "1638"]
[PlyCount "81"]
[EventDate "2017.04.08"]

1. d4 d5 2. c4 e6 3. Nc3 Nf6 4. Nf3 Nc6 5. e3 dxc4 6. Bxc4 Be7 7. O-O O-O 8. a3
a6 9. b4 b5 10. Bb3 Bb7 11. Qe2 Re8 12. Bb2 Bf8 13. Rfd1 Ne7 14. Rd2 Bd5 15.
Nxd5 exd5 16. Rc1 Rc8 17. Ne5 c6 18. f3 Nd7 19. Nd3 Kh8 20. e4 Ng6 21. e5 Re6
22. f4 f5 23. g3 Ne7 24. Rdc2 Rc7 25. Ne1 Rc8 26. Nf3 h6 27. Nh4 Qe8 28. Qf3
Nb6 29. Qd3 Qf7 30. Rg2 Nc4 31. Bxc4 bxc4 32. Qe3 Qh5 33. Qf3 Qxf3 34. Nxf3 Kh7
35. Kf2 g6 36. Rcg1 Bg7 37. h3 Rg8 38. g4 fxg4 39. hxg4 Bf8 40. Rh1 Bg7 41.
Ng5+ 1-0

[Event "Kort Paaske 1, gruppe 2"]
[Site "Skorping"]
[Date "2017.04.10"]
[Round "4"]
[White "Holm, Filip Martin Kierulf Hou"]
[Black "Christensen, John Christopher H"]
[Result "1-0"]
[WhiteElo "1675"]
[BlackElo "1408"]
[PlyCount "69"]
[EventDate "2017.04.08"]

1. e4 c6 2. d4 d5 3. f3 dxe4 4. fxe4 e6 5. Nf3 Nf6 6. e5 Nd5 7. c4 Nb6 8. Nc3
Bb4 9. a3 Bxc3+ 10. bxc3 O-O 11. a4 Re8 12. Ba3 N6d7 13. Bd6 b6 14. c5 a5 15.
cxb6 Nxb6 16. c4 N8d7 17. c5 Nd5 18. Bc4 Nf8 19. Qd2 Ng6 20. Rb1 Nge7 21. O-O
Nf5 22. Bxd5 exd5 23. Rb6 Nxd6 24. exd6 Bd7 25. Ne5 f6 26. Nxc6 Bxc6 27. Rxc6
Qd7 28. Rc7 Qd8 29. Re1 h6 30. Ree7 Rxe7 31. Rxe7 Kh8 32. Qa2 Kh7 33. Qxd5 Rb8
34. Qe4+ Kh8 35. d7 1-0

[Event "Kort Paaske 1, gruppe 2"]
[Site "Skorping"]
[Date "2017.04.10"]
[Round "4"]
[White "Nielsen, Jorgen Holmstrom"]
[Black "Ehrenreich, Simon"]
[Result "1/2-1/2"]
[WhiteElo "1734"]
[BlackElo "1654"]
[PlyCount "46"]
[EventDate "2017.04.08"]

1. Nc3 d5 2. e4 c6 3. exd5 cxd5 4. Bb5+ Nc6 5. d4 a6 6. Bxc6+ bxc6 7. Bg5 h6 8.
Bh4 Bf5 9. Nf3 Qc7 10. Ne5 e6 11. Ne2 Bd6 12. Nf3 Bg4 13. Qd3 Bxf3 14. Qxf3 Ne7
15. Bg3 Ng6 16. Bxd6 Qxd6 17. O-O O-O 18. c3 Rfb8 19. Rab1 Rb7 20. Qg3 Qxg3 21.
fxg3 Rab8 22. b3 a5 23. Nc1 Nf8 1/2-1/2

[Event "Kort Paaske 1, gruppe 2"]
[Site "Skorping"]
[Date "2017.04.10"]
[Round "4"]
[White "Hjorth, Erik"]
[Black "Olesen, Poul Guldbaek"]
[Result "0-1"]
[WhiteElo "1591"]
[BlackElo "1509"]
[PlyCount "76"]
[EventDate "2017.04.08"]

1. d4 Nf6 2. Nf3 e6 3. Bf4 b6 4. Nc3 Bb4 5. a3 Bxc3+ 6. bxc3 Bb7 7. Bg5 d6 8.
e3 O-O 9. Bd3 Nbd7 10. O-O e5 11. dxe5 Nxe5 12. Nxe5 dxe5 13. Rb1 Qd6 14. Bxf6
Qxf6 15. e4 Qe7 16. Qc1 c5 17. c4 Rfd8 18. Qe3 Rd6 19. g3 Rad8 20. f3 Bc8 21.
Rf2 Be6 22. Qe2 Rd4 23. Rc1 b5 24. cxb5 c4 25. Bxc4 Bxc4 26. Qe3 Rd1+ 27. Rxd1
Rxd1+ 28. Kg2 Bxb5 29. Qb3 Qd7 30. c4 Bc6 31. Qb8+ Qd8 32. Qxa7 h6 33. Qc5 Qd6
34. Qa7 Rc1 35. Qa6 Kh7 36. Qc8 Bd7 37. Qb7 Qd1 38. f4 Qh1# 0-1

[Event "Kort Paaske 1, gruppe 2"]
[Site "Skorping"]
[Date "2017.04.10"]
[Round "5"]
[White "Holm, Filip Martin Kierulf Hou"]
[Black "Ehlers, Kjeld"]
[Result "1-0"]
[WhiteElo "1675"]
[BlackElo "1581"]
[PlyCount "25"]
[EventDate "2017.04.08"]

1. e4 c5 2. c3 e5 3. Bc4 Nf6 4. d3 Be7 5. Ne2 Nc6 6. f4 d5 7. exd5 Nxd5 8. O-O
O-O 9. Na3 a6 10. Bxd5 Qxd5 11. Nc4 Bd8 12. fxe5 Nxe5 13. Nf4 1-0

[Event "Kort Paaske 1, gruppe 2"]
[Site "Skorping"]
[Date "2017.04.10"]
[Round "5"]
[White "Christensen, John Christopher H"]
[Black "Iversen, Flemming Pagh"]
[Result "0-1"]
[WhiteElo "1408"]
[BlackElo "1691"]
[PlyCount "80"]
[EventDate "2017.04.08"]

1. d4 Nf6 2. c4 g6 3. Nc3 Bg7 4. Nf3 O-O 5. Bf4 d6 6. e4 Nh5 7. Bg3 Nd7 8. Be2
e5 9. Bh4 Nhf6 10. d5 a5 11. O-O Nc5 12. a3 a4 13. Ne1 Bd7 14. Nd3 Nb3 15. Rb1
Qe8 16. Nc1 Nd4 17. f3 Nh5 18. Nd3 f5 19. Bf2 Qe7 20. Bxd4 exd4 21. Nb5 Bxb5
22. cxb5 fxe4 23. fxe4 Qxe4 24. Bf3 Qe3+ 25. Kh1 Nf4 26. Nxf4 Qxf4 27. Be2 Qg5
28. Rc1 Qe7 29. Re1 Be5 30. Bg4 Qh4 31. Be6+ Kh8 32. Bh3 Rf2 33. Rxc7 Qf4 34.
g3 Rxh2+ 35. Kxh2 Qxg3+ 36. Kh1 Qxh3+ 37. Kg1 Qh2+ 38. Kf1 Rf8+ 39. Rf7 Rxf7+
40. Qf3 Rxf3# 0-1

[Event "Kort Paaske 1, gruppe 2"]
[Site "Skorping"]
[Date "2017.04.10"]
[Round "5"]
[White "Ehrenreich, Simon"]
[Black "Mikkelsen, Hans Jorgen"]
[Result "1/2-1/2"]
[WhiteElo "1654"]
[BlackElo "1552"]
[PlyCount "105"]
[EventDate "2017.04.08"]

1. d4 Nf6 2. c4 g6 3. Nc3 Bg7 4. Bf4 d6 5. Nf3 O-O 6. h3 c5 7. d5 Na6 8. e3 Nc7
9. Be2 a6 10. Qd2 Nh5 11. Bh2 f5 12. O-O Bd7 13. a4 b6 14. Rab1 Nf6 15. Bd3 Qe8
16. b3 h6 17. e4 fxe4 18. Nxe4 Nxe4 19. Bxe4 Bf5 20. Bxf5 Rxf5 21. Rfe1 Qf7 22.
Re2 g5 23. Rbe1 Re8 24. Qd3 Bf8 25. Bxd6 Rxf3 26. Qxf3 exd6 27. Rxe8 Nxe8 28.
Qd3 Nc7 29. Re3 Bg7 30. Rf3 Qe7 31. Re3 Qf6 32. Qe4 Qa1+ 33. Re1 Qe5 34. Qb1
Qf6 35. Qe4 Qf7 36. Qe7 Be5 37. Qd8+ Kg7 38. Qc8 b5 39. axb5 axb5 40. Qg4 b4
41. Qe2 Ne8 42. Rd1 Nf6 43. Re1 Qg6 44. Kf1 Qf5 45. Kg1 Qf4 46. g3 Qf5 47. Kg2
h5 48. Qf3 Kg6 49. Qe2 h4 50. g4 Qf4 51. Qd3+ Kg7 52. Qe3 Qh2+ 53. Kf1 1/2-1/2

[Event "Kort Paaske 1, gruppe 2"]
[Site "Skorping"]
[Date "2017.04.10"]
[Round "5"]
[White "Olesen, Poul Guldbaek"]
[Black "Pedersen, Jens Erik"]
[Result "0-1"]
[WhiteElo "1509"]
[BlackElo "1638"]
[PlyCount "92"]
[EventDate "2017.04.08"]

1. d4 d5 2. g3 Nf6 3. Nf3 Bf5 4. Bg2 e6 5. Bg5 Be7 6. O-O h6 7. Bxf6 Bxf6 8. e3
O-O 9. Nbd2 Nd7 10. Rc1 Nb6 11. Qe2 c6 12. c4 Nd7 13. cxd5 exd5 14. Nb3 Re8 15.
Nfd2 Rc8 16. Rfe1 Rc7 17. f3 Nb6 18. Qf2 Na4 19. e4 dxe4 20. fxe4 Be6 21. Rc2
Nb6 22. Kh1 Rd7 23. e5 Be7 24. Rd1 Rf8 25. Qe3 Nd5 26. Bxd5 Bxd5+ 27. Kg1 Bg5
28. Qd3 Re8 29. Nc4 Bxc4 30. Qxc4 Rd5 31. Re1 Be7 32. Rce2 Qc7 33. e6 f6 34.
Qd3 Bb4 35. Qg6 Re7 36. Rf1 Rg5 37. Qe4 Bd6 38. Re3 Qc8 39. Kg2 Qe8 40. Nd2 Qg6
41. Qf3 Rd5 42. Re4 Kh8 43. h4 f5 44. Re2 Rxd4 45. Qxf5 Qxg3+ 46. Kh1 Rxh4+ 0-1